Constitutional development and national movement in India 1919-47 / (Record no. 126929)

MARC details
000 -LEADER
fixed length control field 00707nam a22002297a 4500
005 - DATE AND TIME OF LATEST TRANSACTION
control field 20170124110017.0
010 ## - LIBRARY OF CONGRESS CONTROL NUMBER
LC control number 903859
020 ## - INTERNATIONAL STANDARD BOOK NUMBER
Terms of availability 80.00
035 ## - SYSTEM CONTROL NUMBER
System control number 903859
037 ## - SOURCE OF ACQUISITION
Source of stock number/acquisition Cen Lib/Ret
040 ## - CATALOGING SOURCE
Original cataloging agency DPL
Language of cataloging EN
082 ## - DEWEY DECIMAL CLASSIFICATION NUMBER
Classification number 342.54
Item number MIS
100 ## - MAIN ENTRY--PERSONAL NAME
Personal name Mishra, ShreeGovind
9 (RLIN) 18885
245 ## - TITLE STATEMENT
Title Constitutional development and national movement in India 1919-47 /
Statement of responsibility, etc by ShreeGovind Mishra
260 ## - PUBLICATION, DISTRIBUTION, ETC. (IMPRINT)
Place of publication, distribution, etc Patna
Name of publisher, distributor, etc Janaki prakashan
Date of publication, distribution, etc 1978
270 ## - ADDRESS
Address Ashok Rajpath Chauhatta
City Patna
Postal code 800004
300 ## - PHYSICAL DESCRIPTION
Extent xv, 400p. :
Dimensions 20cm(Hb)
500 ## - GENERAL NOTE
General note Includes index
650 ## - SUBJECT ADDED ENTRY--TOPICAL TERM
Topical term or geographic name as entry element Political science
9 (RLIN) 75111
650 ## - SUBJECT ADDED ENTRY--TOPICAL TERM
Topical term or geographic name as entry element Constitutional history
Geographic subdivision India
9 (RLIN) 18887
942 ## - ADDED ENTRY ELEMENTS (KOHA)
Source of classification or shelving scheme Dewey Decimal Classification
Koha item type English Books
Classification part 342.54
Call number suffix MIS
Holdings
Withdrawn status Lost status Damaged status Not for loan Home library Current library Date acquired Source of acquisition Cost, normal purchase price Total Checkouts Full call number Barcode Date last seen Copy number Cost, replacement price Price effective from Koha item type Public note
Written off       Central Library Central Library 26/06/2015 Cen Lib/Ret 80.00   342.54 MIS 903859 26/06/2015 1 80.00 26/06/2015 English Books Written off on approval by DLB (By Circulation); dtd 15-06-2023

© Delhi Public Library
Hit Counter
free hit counter